Management of tropical rainforests : utopia of chance of survival? :

Bibliographic Details
Main Author: BRUENIG
Other Authors: Poker
Format: Book
Published: Baden-Baden : Nomos Verl.-Ges. , 1989
Subjects:

MARC

LEADER 00000cam a2200000 7i4500
001 0000002462
005 20030624.0
020 0 0 |a 3789018996 
090 0 0 |a 333.75   |b BRU 1989 
100 1 0 |a BRUENIG   |h Eberhard F. 
245 1 0 |a Management of tropical rainforests :   |b utopia of chance of survival? :   |b proceedings of an International Symposium at the Food and Agriculture Development Centre of the German Foundation for International Development (DSE) in Feldafing, Federal Republic ofGermany, 15-21 January 1989   |c Eberhard F. Bruenig, Jutta Poker 
260 0 0 |a Baden-Baden :   |b Nomos Verl.-Ges. ,   |c 1989 
300 |a 112 p. ;   |c 23 cm. 
500 0 0 |a Bibliography : p.83-85 
650 0 0 |a Forest management   |z Tropics   |x Congresses 
650 0 0 |a Rainforests   |x Congresses 
700 0 1 |a Poker   |h Jutta 
998 |a JPSM 
999 |a 0000004086   |b Monograph   |c Open Shelf   |e Default branch 
999 |a 0000004097   |b Monograph   |c Open Shelf   |e Default branch